header

The Qatar-Nepal remittance corridor (Record no. 218760)

MARC details
000 -LEADER
fixed length control field 01581nam a2200385 a 4500
082 04 - DEWEY DECIMAL CLASSIFICATION NUMBER
Classification number 332/.04246095363
100 1# - MAIN ENTRY--AUTHOR NAME
Personal name Endo, Isaku.
245 14 - TITLE STATEMENT
Title The Qatar-Nepal remittance corridor
260 ## - PUBLICATION, DISTRIBUTION, ETC. (IMPRINT)
Place of publication Washington, D.C. :
Name of publisher World Bank,
Year of publication c2011.
300 ## - PHYSICAL DESCRIPTION
Number of Pages xv, 42 p. :
Other physical details ill., map.
490 0# - SERIES STATEMENT
Series statement World Bank study
650 #0 - SUBJECT ADDED ENTRY--TOPICAL TERM
Topical Term Emigrant remittances
Topical Term Emigrant remittances
700 1# - ADDED ENTRY--PERSONAL NAME
Personal name Afram, Gabi G.
856 40 - ELECTRONIC LOCATION AND ACCESS
Uniform Resource Identifier http://site.ebrary.com/lib/rucke/Doc?id=10506390

No items available.

© 2026 Rongo University
Contact us: librarian | system librarian | Rongo university